| 000 | 00744nam a2200205 a 4500 | ||
|---|---|---|---|
| 003 | 0 | ||
| 005 | 20250407095144.0 | ||
| 008 | 050809s19uu xx 00 eng d | ||
| 050 |
_aPGS ML 3830 _b.P235 2005 |
||
| 100 | _aPark, Sun Kyung. | ||
| 245 |
_aThe role of music on the coping strategies of grade six students / _cSun Kyung Park. |
||
| 260 |
_aLas PiƱas City, Philippines : _bSouthville International School and Colleges, _c2005. |
||
| 300 |
_a26 pages : _billustrations ; _c28 cm. |
||
| 504 | _aIncludes bibliographical references. | ||
| 650 |
_aMusic _vPsychological aspects. |
||
| 650 |
_aStress in children _vPsychological aspects. |
||
| 650 | _aCoping (Psychology). | ||
| 650 | _aMusic therapy for children. | ||
| 942 |
_2lcc _cPASS |
||
| 999 |
_c97413 _d97413 |
||